| Tag |
First Indicator |
Second Indicator |
Subfields |
| LEADER |
00000cam a2200000Ii 4500 |
| 001 |
in00004433232 |
| 005 |
20210422112445.0 |
| 006 |
m o d |
| 007 |
cr cnu---unuuu |
| 008 |
191111s2019 ctu ob 001 0 eng d |
| 020 |
|
|
|a 9780300249477
|q (electronic bk.)
|
| 020 |
|
|
|a 0300249470
|q (electronic bk.)
|
| 020 |
|
|
|z 0300219911
|
| 020 |
|
|
|z 9780300219913
|
| 035 |
|
|
|a (NhCcYBP)jstorjstor (organization)
|
| 037 |
|
|
|a 22573/ctvrdzg64
|b JSTOR
|
| 040 |
|
|
|a NhCcYBP
|c NhCcYBP
|d UtOrBLW
|
| 050 |
|
4 |
|a BS2370
|b .D55 2019
|
| 082 |
0 |
4 |
|a 225.66
|2 23
|
| 100 |
1 |
|
|a Dinkler, Michal Beth,
|d 1979-
|e author.
|0 http://id.loc.gov/authorities/names/n2013060170
|
| 245 |
1 |
0 |
|a Literary theory and the New Testament /
|c Michal Beth Dinkler.
|
| 264 |
|
1 |
|a New Haven :
|b Yale University Press,
|c [2019]
|
| 300 |
|
|
|a 1 online resource.
|
| 336 |
|
|
|a text
|b txt
|2 rdacontent
|
| 337 |
|
|
|a computer
|b c
|2 rdamedia
|
| 338 |
|
|
|a online resource
|b cr
|2 rdacarrier
|
| 490 |
1 |
|
|a The Anchor Yale Bible reference library
|
| 504 |
|
|
|a Includes bibliographical references and indexes.
|
| 588 |
0 |
|
|a Print version record.
|
| 500 |
|
|
|a Electronic resource.
|
| 630 |
0 |
0 |
|a Bible.
|p New Testament
|x Criticism, interpretation, etc.
|0 http://id.loc.gov/authorities/subjects/sh85013751
|
| 650 |
|
0 |
|a Bible as literature.
|0 http://id.loc.gov/authorities/subjects/sh85013810
|
| 655 |
|
7 |
|a Electronic books.
|2 local
|
| 776 |
1 |
8 |
|i Print version:
|a DINKLER, MICHAL BETH.
|t LITERARY THEORY AND THE NEW TESTAMENT.
|d [Place of publication not identified] : YALE UNIV PRESS, 2019
|z 0300219911
|
| 830 |
|
0 |
|a Anchor Yale Bible reference library.
|0 http://id.loc.gov/authorities/names/no2008162653
|
| 856 |
4 |
0 |
|u http://proxy.library.tamu.edu/login?url=https://www.jstor.org/stable/10.2307/j.ctvrdf24k
|z Connect to the full text of this electronic book
|t 0
|
| 955 |
|
|
|a JSTOR DDA record
|
| 999 |
f |
f |
|s 50d28444-0495-394f-83de-f79e8536c5f9
|i 1d53bd7f-3682-38d0-9e63-26d284b0a86b
|t 0
|
| 952 |
f |
f |
|a Texas A&M University
|b College Station
|c Electronic Resources
|d Available Online
|t 0
|e BS2370 .D55 2019
|h Library of Congress classification
|
| 998 |
f |
f |
|a BS2370 .D55 2019
|t 0
|l Available Online
|